A global world, multiple angles, one sociological community /

El autor llama la atención a la necesidad de comtemplar comparaciones sistemáticas espaciales y embarcarse en un compromiso explícito del análisis de procesos con una gran determinación. En su opinión, la opción de la recontextualización hacia los actores sociales incorpóreos, pueden contribuir a un...

Deskribapen osoa

Gorde:
Xehetasun bibliografikoak
Egile nagusia: Reis, Elisa P.
Formatua: Texto
Gaiak:
Etiketak: Etiketa erantsi
Etiketarik gabe, Izan zaitez lehena erregistro honi etiketa jartzen!

MARC

LEADER 00000 a a2200000 04500
001 4694
003
040
100 |a Reis, Elisa P.  
245 |a A global world, multiple angles, one sociological community /  |c Elisa P.Reis 
520 |a El autor llama la atención a la necesidad de comtemplar comparaciones sistemáticas espaciales y embarcarse en un compromiso explícito del análisis de procesos con una gran determinación. En su opinión, la opción de la recontextualización hacia los actores sociales incorpóreos, pueden contribuir a una imagen más clara del malestar de hoy en día, y posiblemente, produsca nuevas interpretaciones o explicaciones  
650 |a SISTEMA SOCIAL  
650 |a TEORIA  
650 |a ESTADO  
650 |a SOCIOLOGOS  
773 |g volumen 51, número 2; páginas 113-122  
999 |c 30072  |d 30072